000 00826nam a2200193Ia 4500
008 151121s9999||||xx |||||||||||||| ||und||
082 _aबा।वि।
082 _bHNW-74784
100 _aझा कृपाकांत `मठपति '
245 _aपंजाब के अमर शहीदों की कहानियाँ
260 _b"इतिहास शोध संस्थान, दिल्ली।"
260 _c--
300 _a128
600 _aझा कृपाकांत `मठपति '
630 _aपंजाब के अमर शहीदों की कहानियाँ
700 _aझा कृपाकांत `मठपति '
730 _aपंजाब के अमर शहीदों की कहानियाँ
942 _cBOOK
999 _c1256230
_d1256227